| 000 | 00325nam a2200121Ia 4500 | ||
|---|---|---|---|
| 005 | 20251222155045.0 | ||
| 008 | 251222s9999||||xx |||||||||||||| ||spa|| | ||
| 082 | _aEDUM.43 | ||
| 100 | _aCOLEGIO DE DOCT. | ||
| 245 | 0 | _aBodas de oro colegio de Doctores en Educación del Perú | |
| 264 | _bColeg.Doct del Perú | ||
| 942 | _cLIB | ||
| 999 |
_c37056 _d37056 |
||